Catálogo
 En Linea
Vista normal Vista MARC

Entrada Nombre de reunión

Número de registros utilizados en: 1

001 - NÚMERO DE CONTROL

  • campo de control: 34993

003 - IDENTIFICADOR DEL NÚMERO DE CONTROL

  • campo de control: OSt

005 - FECHA Y HORA DE LA ÚLTIMA TRANSACCIÓN

  • campo de control: 20200615033449.0

008 - DATOS DE LONGITUD FIJA

  • campo de control de longitud fija: 200615|| aca||aabn | a|a d

040 ## - FUENTE DE LA CATALOGACIÓN

  • Centro catalogador/agencia de origen: OSt
  • Centro/agencia transcriptor: OSt

111 ## - ENCABEZAMIENTO--NOMBRE DE CONGRESO/REUNIÓN

  • Nombre de congreso/reunión o jurisdicción como elemento de entrada: Conferencia Internacional de las Naciones Unidas
  • Número del congreso/reunión o número de parte o sección: (2da :
  • Fecha del congreso/reunión: 1 al 13 de septiembre de 1958 :
  • Sede del congreso/Lugar de la reunión: Ginebra)

670 ## - FUENTE DE DATOS ENCONTRADOS

  • Cita de la fuente: Work cat.: (OSt)15047: Conferencia Internacional de las Naciones Unidas (2da : 1 al 13 de septiembre de 1958 : Ginebra)., Actas de la Segunda Conferencia Internacional sobre la utilización de la energía atómica con fines pacíficos., 1958.

Con tecnología Koha